How to Conduct Collaborative Action Research (Record no. 23348)

MARC details
000 -LEADER
fixed length control field 00517nam a22001817a 4500
003 - CONTROL NUMBER IDENTIFIER
control field OSt
005 - DATE AND TIME OF LATEST TRANSACTION
control field 20260605124309.0
008 - FIXED-LENGTH DATA ELEMENTS--GENERAL INFORMATION
fixed length control field 260605b |||||||| |||| 00| 0 eng d
020 ## - INTERNATIONAL STANDARD BOOK NUMBER
International Standard Book Number 0871202018
040 ## - CATALOGING SOURCE
Transcribing agency Chuka University Library
050 ## - LIBRARY OF CONGRESS CALL NUMBER
Classification number LB 1028.28
Item number . S3 1993
100 ## - MAIN ENTRY--PERSONAL NAME
Personal name Sagor Richard
9 (RLIN) 27323
245 ## - TITLE STATEMENT
Title How to Conduct Collaborative Action Research
260 ## - PUBLICATION, DISTRIBUTION, ETC.
Place of publication, distribution, etc. Alexandria,USA
Name of publisher, distributor, etc. ASCD
Date of publication, distribution, etc. 1992
300 ## - PHYSICAL DESCRIPTION
Extent 80p.
650 ## - SUBJECT ADDED ENTRY--TOPICAL TERM
Topical term or geographic name entry element Action Research in Education-- United Nations
9 (RLIN) 27324
942 ## - ADDED ENTRY ELEMENTS (KOHA)
Source of classification or shelving scheme Library of Congress Classification
Koha item type Long Loan Books
Suppress in OPAC No
Holdings
Withdrawn status Lost status Source of classification or shelving scheme Damaged status Not for loan Home library Current library Shelving location Date acquired Total Checkouts Full call number Barcode Date last seen Copy number Cost, replacement price Price effective from Koha item type
    Library of Congress Classification     Main Campus Library Main Campus Library General Stacks 05/06/2026   LB 1028.28. S3 1993 32781/2026 05/06/2026 4 2600.00 05/06/2026 Long Loan Books
    Library of Congress Classification     Main Campus Library Main Campus Library General Stacks 05/06/2026   LB 1028.28. S3 1993 32777/2026 05/06/2026 9 2600.00 05/06/2026 Long Loan Books
    Library of Congress Classification     Main Campus Library Main Campus Library General Stacks 05/06/2026   LB 1028.28. S3 1993 32778/2026 05/06/2026 1   05/06/2026 Long Loan Books
    Library of Congress Classification     Main Campus Library Main Campus Library General Stacks 05/06/2026   LB 1028.28. S3 1993 32776/2026 05/06/2026 3 2600.00 05/06/2026 Long Loan Books
    Library of Congress Classification     Main Campus Library Main Campus Library General Stacks 05/06/2026   LB 1028.28. S3 1993 32775/2026 05/06/2026 6 2600.00 05/06/2026 Long Loan Books
    Library of Congress Classification     Main Campus Library Main Campus Library General Stacks 05/06/2026   LB 1028.28. S3 1993 32774/2026 05/06/2026 5   05/06/2026 Long Loan Books
    Library of Congress Classification     Main Campus Library Main Campus Library General Stacks 05/06/2026   LB 1028.28. S3 1993 32782/2026 05/06/2026 7   05/06/2026 Long Loan Books
    Library of Congress Classification     Main Campus Library Main Campus Library General Stacks 05/06/2026   LB 1028.28. S3 1993 32779/2026 05/06/2026 10   05/06/2026 Long Loan Books
    Library of Congress Classification     Main Campus Library Main Campus Library General Stacks 05/06/2026   LB 1028.28. S3 1993 32783/2026 05/06/2026 11 2600.00 05/06/2026 Long Loan Books
    Library of Congress Classification     Main Campus Library Main Campus Library General Stacks 05/06/2026   LB 1028.25. S3 1993 32780/2026 05/06/2026 2   05/06/2026 Long Loan Books

Powered by Koha